Evaluación de poblaciones de chigüiro (Hydrochaeris hydrochaeris) en los hatos: Brasilia, Guamito, La Aurora, La Borra, El Danubio, La Veremos y Mapurisa, municipio de Hato Corozal (Registro nro. 938)
[ vista simple ]
| 000 -CABECERA | |
|---|---|
| Campo de control | 00821nam a2200229 a 4500 |
| 005 - FECHA Y HORA DE LA ULTIMA TRANSACCION | |
| Campo de control | 20191224041548.0 |
| 008 - ELEMENTOS DE LONGITUD FIJA—INFORMACION GENERAL | |
| Campo de control | 140224b1983 ck ||||| |||| 00| 0 spa d |
| 040 ## - FUENTE DE CATALOGACIÓN | |
| Agencia catalogadora original | CO-BoIAVH |
| Agencia transcriptora | CO-BoIAVH |
| 041 ## - IDIOMA | |
| Código de idioma para texto/pista de sonido o título separado | Español |
| 044 ## - PAÍS DE PUBLICACIÓN | |
| País de publicación | Colombia |
| 090 ## - CLASIFICACIÓN LOCAL | |
| Colección | IND-I |
| Consecutivo | 26 |
| 100 ## - ASIENTO PRINCIPAL--NOMBRE PERSONAL | |
| Nombre personal | Hernández Camacho, Jorge Ignacio |
| 9 (RLIN) | 3657 |
| 245 1# - MENCION DE TITULO | |
| Título | Evaluación de poblaciones de chigüiro (Hydrochaeris hydrochaeris) en los hatos: Brasilia, Guamito, La Aurora, La Borra, El Danubio, La Veremos y Mapurisa, municipio de Hato Corozal |
| 260 ## - PUBLICACION, DISTRIBUCION, ETC. (PIE DE IMPRENTA) | |
| Lugar de publicación, distribución, etc. | Bogotá |
| Nombre del editor, distribuidor, etc. | INDERENA |
| Fecha de publicación, distribución, etc. | 1983 |
| 300 ## - DESCRIPCION FISICA | |
| Extensión | 48 páginas |
| 650 14 - ASIENTO SECUNDARIO DE MATERIA - TERMINO TEMATICO | |
| Término temático o nombre geográfico como elemento de entrada | Ecología de poblaciones |
| 9 (RLIN) | 3557 |
| 650 14 - ASIENTO SECUNDARIO DE MATERIA - TERMINO TEMATICO | |
| Término temático o nombre geográfico como elemento de entrada | Valoración económica |
| 9 (RLIN) | 4196 |
| 662 ## - ASIENTO SECUNDARIO DE MATERIA - JERARQUIA DEL NOMBRE DE LUGAR( | |
| País o entidad mayor | Colombia |
| Jurisdicción política de primer orden | Casanare |
| 700 ## - ASIENTO SECUNDARIO - NOMBRE PERSONAL | |
| Nombre personal | Rodríguez Mahecha, José Vicente |
| 9 (RLIN) | 4290 |
| 700 ## - ASIENTO SECUNDARIO - NOMBRE PERSONAL | |
| Nombre personal | Pachón Rivera, Jesús Ernesto |
| 9 (RLIN) | 8016 |
| 942 ## - ELEMENTOS ADICIONALES (KOHA) | |
| Tipo de ítem | Informe Técnico |
| Sistema de clasificación | Local |
| Withdrawn status | Lost status | Sistema de Clasificación | Damaged status | No para préstamo | Colección | Ubicación Permanente | Ubicación actual | Fecha de adquisición | Fuente de adquisición | Total Checkouts | Número topográfico | Inventario / Código de Barras | Date last seen | Date checked out | Ejemplar | Price effective from | Forma de adquisición | Tipo de material |
|---|---|---|---|---|---|---|---|---|---|---|---|---|---|---|---|---|---|---|
| Local | Fondo Inderena | Bogotá | Bogotá | 13/01/1999 | Franco, Ana María | 1 | IND-I-26 | 001308 | 11/02/2020 | 11/02/2020 | Ej. 1 | 04/12/2012 | Traslado Inderena | Informe Técnico |